000
00337nam a2200145Ia 4500
008
240624s9999 xx 000 0 und d
041
_a
eng
082
_a
658.812 CAD
100
_a
CADOGAN JOHN
245
_a
MARKETING STRATEGY
260
_c
2009
_a
New Delhi
_b
Sage
300
_a
liv, 350 p.; 23 cm.
365
_c
BPS
_b
38
440
_v
4
999
_c
30417
_d
30417